Racetracks by Curbs - Statistics

General Stats
  • This quiz has been taken 88 times
  • The average score is 9 of 18
Answer Stats
Picture Answer % Correct
Circuit de Spa-Francorchamps (Belgium)
94%
Silverstone Circuit (UK)
89%
Autodromo Internationale Enzo e Dino Ferrari (Italy)
82%
Las Vegas Strip Circuit (USA)
82%
Autódromo José Carlos Pace (Brazil)
78%
Nürburgring (Germany)
78%
Circuit de 24 Heures (France)
51%
Red Bull Ring (Austria)
46%
Circuit Zandvoort (Netherlands)
44%
Losail International Circuit (Qatar)
43%
Jeddah Corniche Circuit (Saudi Arabia)
39%
Albert Park Circuit (Australia)
33%
Sachsenring (Germany)
32%
TT Circuit Assen (Netherlands)
29%
Road Atlanta (USA)
26%
Watkins Glen International (USA)
21%
Circuit de Jerez-Angel Nieto (Spain)
13%
Termas de Rio Hondo Circuit (Argentina)
10%
No matching quizzes found
Score Distribution
Percent of People with Each Score
Percentile by Number Answered
Your Score History
You have not taken this quiz